000 00243nmm a2200085Ia 4500
008 220120s9999||||xx |||||||||||||||||und||
100 _aVinci, Da
245 0 _aHDL Programming Fundamentals : VHDL & Verilog
260 _aTata mc graw hill ltd.
_c2010
999 _c139530
_d139530